00548nam a2200157 a 450000500170000000800410001705000170005824500370007526000680011230000270018065000250020765000180023294200080025099900190025895201130027720140414093841.0071030s19uu xx uuu eng d aCDR 790bCHI aThe Chinese musical instruments. aChina :bMinistry of culture of the People's repuplic of China. a1 videodisk ; sd. col. amusical instruments. aMusicxChina. cAVM c109301d109301 00104050aLUXbLUXcAVd2007-10-30eDonationl0oCDR 790 CHIpAV0938r2014-04-14 00:00:00w2014-04-14yAVM